[Event "CZE-ch Blitz"]
[Site "Brno"]
[Date "2024.12.21"]
[Round "3"]
[White "Bernasek, Jan"]
[Black "Jun, Rudolf Jr"]
[Result "1-0"]
[WhiteElo "2501"]
[BlackElo "2207"]
[PlyCount "75"]
[EventDate "2024.12.21"]
[EventType "swiss (blitz)"]
[EventRounds "15"]
[EventCountry "CZE"]
[SourceTitle "CB52_2024"]
[SourceDate "2024.12.25"]
[SourceVersion "1"]
[SourceVersionDate "2024.12.25"]
[SourceQuality "1"]

1. d4 Nf6 2. c4 e6 3. Nc3 d5 4. cxd5 exd5 5. Bg5 c6 6. Qc2 Be7 7. e3 Ne4 8. Bxe7 Qxe7 9. Nxd5 cxd5 10. Qxc8+ Qd8 11. Qxd8+ Kxd8 12. f3 Nd6 13. Ne2 Re8 14. Kf2 Nf5 15. Nc3 Nxe3 16. Bb5 Nc6 17. Rae1 Nf5 18. Rxe8+ Kxe8 19. Nxd5 Kd7 20. Rd1 Kd6 21. Nc3 Rd8 22. g4 Nfe7 23. Ne4+ Kc7 24. Bxc6 Nxc6 25. d5 Nb4 26. d6+ Kd7 27. a3 Na6 28. b4 Rc8 29. Rd3 Rc2+ 30. Kg3 b6 31. Ng5 f6 32. Nxh7 Rc8 33. g5 Rh8 34. g6 Re8 35. h4 Nb8 36. h5 Nc6 37. f4 Kc8 38. d7+ 1-0

[Event "Titled Tuesday intern op 24th Sep Late"]
[Site "Chess.com INT"]
[Date "2024.09.24"]
[Round "4"]
[White "Jun, Rudolf Jr"]
[Black "Koksal, Ege"]
[Result "1-0"]
[WhiteElo "2186"]
[BlackElo "2316"]
[PlyCount "99"]
[EventDate "2024.09.24"]
[EventType "swiss (blitz)"]
[EventRounds "11"]
[EventCountry "USA"]
[SourceTitle "EXT 2025"]
[Source "ChessBase"]
[SourceDate "2024.10.14"]
[SourceVersion "1"]
[SourceVersionDate "2024.10.14"]
[SourceQuality "1"]

1. e4 c6 2. d4 d5 3. exd5 cxd5 4. Bd3 Nc6 5. Nf3 Bg4 6. c3 e6 7. h3 Bh5 8. 0-0 Bd6 9. Nbd2 Nge7 10. b4 Rc8 11. a4 h6 12. Re1 0-0 13. Ba3 Bg6 14. Nf1 Qc7 15. a5 a6 16. b5 axb5 17. Bxd6 Qxd6 18. Bxb5 Na7 19. Bd3 Rxc3 20. Bxg6 Nxg6 21. Rb1 Qc7 22. Ne3 Rb8 23. Qa4 Nc6 24. Rb6 Ra8 25. Qb5 Nxa5 26. Ra1 Rc1+ 27. Rxc1 Qxc1+ 28. Kh2 Qc7+ 29. g3 Qc3 30. Qb1 Rc8 31. Rb5 Nc4 32. Rb3 Qa5 33. Rxb7 Nxe3 34. fxe3 Qc3 35. Rb3 Qc7 36. Rb2 Ne7 37. Ne5 Nf5 38. Re2 f6 39. g4 fxe5 40. gxf5 e4+ 41. Kg2 exf5 42. Rf2 Rf8 43. Rf4 Qf7 44. Qe1 g5 45. Rf1 f4 46. exf4 gxf4 47. Kh2 Kh8 48. Qh4 f3 49. Qxh6+ Kg8 50. Rg1+ 1-0

[Event "Titled Tuesday intern op 24th Sep Late"]
[Site "Chess.com INT"]
[Date "2024.09.24"]
[Round "3"]
[White "Pyrig, Roman"]
[Black "Jun, Rudolf Jr"]
[Result "1/2-1/2"]
[WhiteElo "2414"]
[BlackElo "2186"]
[PlyCount "154"]
[EventDate "2024.09.24"]
[EventType "swiss (blitz)"]
[EventRounds "11"]
[EventCountry "USA"]
[SourceTitle "EXT 2025"]
[Source "ChessBase"]
[SourceDate "2024.10.14"]
[SourceVersion "1"]
[SourceVersionDate "2024.10.14"]
[SourceQuality "1"]

1. e4 c5 2. Nf3 Nc6 3. Bb5 g6 4. 0-0 Bg7 5. Bxc6 dxc6 6. d3 Bg4 7. h3 Bxf3 8. Qxf3 e5 9. Be3 Qe7 10. Nc3 Nf6 11. a3 0-0 12. Rfb1 Nd7 13. b4 cxb4 14. axb4 b6 15. b5 cxb5 16. Rxb5 Qd6 17. Nd5 Rfc8 18. c4 Nf6 19. Bd2 Nxd5 20. Rxd5 Qe6 21. Bb4 Rd8 22. Ra6 Rxd5 23. exd5 Qd7 24. d6 Rd8 25. Qd5 Bf8 26. c5 Qb5 27. Bc3 Qxc5 28. Qxc5 bxc5 29. Bxe5 Rd7 30. g4 f6 31. Bxf6 Bxd6 32. Kf1 Kf7 33. Bc3 Ke6 34. Ke2 Kd5 35. Ra4 Re7+ 36. Kf1 Rb7 37. Bf6 Rf7 38. g5 Be5 39. Bxe5 Kxe5 40. Ke2 Kd5 41. f4 Rb7 42. Kf3 Re7 43. h4 Kc6 44. Ra1 Kb5 45. Rb1+ Kc6 46. Ra1 Kb5 47. Rb1+ Kc6 48. Kg4 a5 49. f5 gxf5+ 50. Kxf5 a4 51. Kf6 Rd7 52. Rd1 a3 53. h5 Kb5 54. g6 hxg6 55. hxg6 Kb4 56. g7 Rd8 57. Ke7 Ra8 58. Kf7 a2 59. Re1 Ra7+ 60. Kf8 Ra8+ 61. Kf7 Ra7+ 62. Kf8 Rxg7 63. Kxg7 Kb3 64. Kf6 Kc3 65. Ra1 Kxd3 66. Rxa2 c4 67. Ke5 c3 68. Ra3 Kd2 69. Kd4 c2 70. Rd3+ Ke2 71. Rc3 Kd2 72. Rd3+ Ke2 73. Re3+ Kd2 74. Rh3 c1Q 75. Rh2+ Kd1 76. Rh1+ Kd2 77. Rxc1 Kxc1 1/2-1/2

[Event "Titled Tuesday intern op 27th Aug Late"]
[Site "Chess.com INT"]
[Date "2024.08.27"]
[Round "6"]
[White "Altini, Nicola"]
[Black "Jun, Rudolf Jr"]
[Result "1-0"]
[WhiteElo "2374"]
[BlackElo "2198"]
[PlyCount "51"]
[EventDate "2024.08.27"]
[EventType "swiss (blitz)"]
[EventRounds "11"]
[EventCountry "USA"]
[SourceTitle "EXT 2025"]
[Source "ChessBase"]
[SourceDate "2024.10.14"]
[SourceVersion "1"]
[SourceVersionDate "2024.10.14"]
[SourceQuality "1"]

1. d4 Nf6 2. c4 e6 3. Nc3 Bb4 4. e3 b6 5. Nge2 Bb7 6. a3 Be7 7. d5 exd5 8. cxd5 d6 9. Ng3 c6 10. e4 0-0 11. Bc4 b5 12. dxc6 Bxc6 13. Bxb5 Bxb5 14. Nxb5 Qa5+ 15. Nc3 Nc6 16. 0-0 Rab8 17. Nf5 Rfd8 18. Bg5 Qe5 19. Qa4 Rb6 20. Bxf6 Bxf6 21. Nd5 Nd4 22. Nxf6+ gxf6 23. Qxd4 Qxd4 24. Nxd4 Rxb2 25. Rfd1 Rd2 26. Rxd2 1-0

[Event "Titled Tuesday intern op 20th Aug Late"]
[Site "Chess.com INT"]
[Date "2024.08.20"]
[Round "4"]
[White "Jun, Rudolf Jr"]
[Black "Fiorito, Francisco"]
[Result "1/2-1/2"]
[WhiteElo "2198"]
[BlackElo "2416"]
[PlyCount "70"]
[EventDate "2024.08.20"]
[EventType "swiss (blitz)"]
[EventRounds "11"]
[EventCountry "USA"]
[SourceTitle "EXT 2025"]
[Source "ChessBase"]
[SourceDate "2024.10.14"]
[SourceVersion "1"]
[SourceVersionDate "2024.10.14"]
[SourceQuality "1"]

1. e4 c5 2. Nf3 Nc6 3. Bb5 Nf6 4. e5 Nd5 5. 0-0 g6 6. Nc3 Nxc3 7. dxc3 Bg7 8. Re1 0-0 9. Bxc6 dxc6 10. Qxd8 Rxd8 11. Be3 b6 12. h3 Bf5 13. Rac1 Rd7 14. g4 Be6 15. Ng5 Bd5 16. e6 fxe6 17. Bf4 Rf8 18. Bg3 Bxa2 19. Nxe6 Bxe6 20. Rxe6 Rf6 21. Rce1 Kf7 22. R6e2 a5 23. Bh4 Rfd6 24. Rxe7+ Rxe7 25. Rxe7+ Kg8 26. Re8+ Kf7 27. Re7+ Kf8 28. Rb7 Rd1+ 29. Kg2 b5 30. Be7+ Kg8 31. Bxc5 Rd2 32. Rb8+ Kf7 33. Rb7+ Kg8 34. Rb8+ Kf7 35. Rb7+ Kg8 1/2-1/2

[Event "Titled Tuesday intern op 20th Aug Late"]
[Site "Chess.com INT"]
[Date "2024.08.20"]
[Round "8"]
[White "Jun, Rudolf Jr"]
[Black "Lenoir Ibacache, Gabriel Alberto"]
[Result "1-0"]
[WhiteElo "2198"]
[BlackElo "2228"]
[PlyCount "97"]
[EventDate "2024.08.20"]
[EventType "swiss (blitz)"]
[EventRounds "11"]
[EventCountry "USA"]
[SourceTitle "EXT 2025"]
[Source "ChessBase"]
[SourceDate "2024.10.14"]
[SourceVersion "1"]
[SourceVersionDate "2024.10.14"]
[SourceQuality "1"]

1. e4 c5 2. Nf3 d6 3. Bb5+ Nd7 4. 0-0 a6 5. Bd3 Ngf6 6. Re1 e6 7. c3 Qc7 8. Bc2 c4 9. b3 b5 10. a4 Rb8 11. Na3 cxb3 12. Bxb3 Nc5 13. axb5 axb5 14. Bc2 Be7 15. d4 Ncd7 16. Bb2 0-0 17. Bd3 b4 18. Nb5 Qc6 19. d5 Qc5 20. cxb4 Qxb4 21. Bc3 Qc5 22. Bd4 Qb4 23. Ra4 Rxb5 24. Rxb4 Rxb4 25. Bc3 Rb8 26. dxe6 fxe6 27. Bc4 Nb6 28. Ba2 Re8 29. Qd4 Bf8 30. Rb1 Nbd7 31. Rxb8 Nxb8 32. e5 Nc6 33. Qc4 Nxe5 34. Nxe5 dxe5 35. Bxe5 Bd7 36. h3 Nd5 37. Qd3 Bc6 38. Bb1 g6 39. Qg3 Bg7 40. h4 Rf8 41. h5 Bxe5 42. Qxe5 Nf4 43. hxg6 hxg6 44. Bxg6 Bd5 45. Be4 Ne2+ 46. Kh2 Rf7 47. Qg5+ Kf8 48. Bg6 Re7 49. Qf6+ 1-0

[Event "Titled Tuesday intern op 20th Aug Late"]
[Site "Chess.com INT"]
[Date "2024.08.20"]
[Round "1"]
[White "Jun, Rudolf Jr"]
[Black "Makridis, Dimitrios"]
[Result "1-0"]
[WhiteElo "2198"]
[BlackElo "2301"]
[PlyCount "101"]
[EventDate "2024.08.20"]
[EventType "swiss (blitz)"]
[EventRounds "11"]
[EventCountry "USA"]
[SourceTitle "EXT 2025"]
[Source "ChessBase"]
[SourceDate "2024.10.14"]
[SourceVersion "1"]
[SourceVersionDate "2024.10.14"]
[SourceQuality "1"]

1. e4 c5 2. Nf3 d6 3. Bb5+ Nd7 4. 0-0 Ngf6 5. Re1 a6 6. Bf1 e6 7. c3 b5 8. a4 Bb7 9. d3 b4 10. Bg5 Be7 11. Nbd2 h6 12. Bf4 0-0 13. cxb4 cxb4 14. h3 a5 15. Rc1 Nc5 16. e5 dxe5 17. Bxe5 Nxd3 18. Bxd3 Qxd3 19. Rc7 Bxf3 20. Nxf3 Qxd1 21. Rxd1 Nd5 22. Rxd5 exd5 23. Rxe7 Rfc8 24. Rd7 Rd8 25. Rxd8+ Rxd8 26. Bc7 Ra8 27. Nd4 Ra7 28. Bb6 Ra6 29. Bc5 f6 30. f4 Kf7 31. Kf2 Ke8 32. Kf3 Kd7 33. Bf8 g5 34. Bxh6 gxf4 35. Bxf4 Ra8 36. h4 Rh8 37. g3 Ra8 38. h5 Ke7 39. h6 Kf7 40. Nf5 Ra6 41. g4 Rc6 42. h7 Rc8 43. Nd6+ Kg6 44. Nxc8 Kxh7 45. Ne7 Kg7 46. Nxd5 Kf7 47. Bc7 Ke6 48. Bxa5 Kxd5 49. Bxb4 Ke6 50. Bc3 f5 51. g5 1-0

[Event "Prague Summer op"]
[Site "Prague"]
[Date "2024.08.08"]
[Round "8"]
[White "Krawczyk, Wojciech"]
[Black "Jun, Rudolf Jr"]
[Result "1/2-1/2"]
[WhiteElo "2114"]
[BlackElo "2198"]
[PlyCount "82"]
[EventDate "2024.08.02"]
[EventType "swiss"]
[EventRounds "9"]
[EventCountry "CZE"]
[SourceTitle "CBM 221 Extra"]
[Source "ChessBase"]
[SourceDate "2024.09.30"]
[SourceVersion "1"]
[SourceVersionDate "2024.09.30"]
[SourceQuality "1"]

1. e4 c5 2. Nf3 e6 3. Nc3 d6 4. b3 Nc6 5. Bb2 Nf6 6. Bb5 Bd7 7. 0-0 Be7 8. Re1 0-0 9. a4 a6 10. Bc4 Nd4 11. Nxd4 cxd4 12. Nb1 b5 13. axb5 axb5 14. Rxa8 Qxa8 15. Bd3 e5 16. c3 dxc3 17. dxc3 Bc6 18. Qc2 d5 19. exd5 Bxd5 20. f3 Bc5+ 21. Kh1 Bxf3 22. Rxe5 Ng4 23. Rxc5 Re8 24. Qd2 Bxg2+ 25. Kg1 Bh3 26. Bxh7+ Kh8 27. Be4 Qxe4 28. Rh5+ Kg8 29. Rxh3 Qxb1+ 30. Kg2 Qe4+ 31. Kg1 f5 32. Ba3 f4 33. Qd3 Qe1+ 34. Qf1 Qe4 35. Bc5 Qf5 36. Bd4 Qg5 37. Kh1 Qd5+ 38. Qf3 Qf5 39. Rh4 Qb1+ 40. Bg1 Nf6 41. Rxf4 Qxb3 1/2-1/2

[Event "Prague Summer op"]
[Site "Prague"]
[Date "2024.08.04"]
[Round "4"]
[White "Ringuet, Cyril"]
[Black "Jun, Rudolf Jr"]
[Result "0-1"]
[WhiteElo "2015"]
[BlackElo "2198"]
[PlyCount "84"]
[EventDate "2024.08.02"]
[EventType "swiss"]
[EventRounds "9"]
[EventCountry "CZE"]
[SourceTitle "CBM 221 Extra"]
[Source "ChessBase"]
[SourceDate "2024.09.30"]
[SourceVersion "1"]
[SourceVersionDate "2024.09.30"]
[SourceQuality "1"]

1. e4 c5 2. Nf3 Nc6 3. Bb5 Qc7 4. 0-0 a6 5. Bxc6 dxc6 6. c3 Bg4 7. d4 cxd4 8. cxd4 g6 9. Nbd2 Bg7 10. h3 Bxf3 11. Nxf3 Nf6 12. Qe2 0-0 13. e5 Nd5 14. e6 f5 15. Re1 Rad8 16. Ng5 Qd6 17. Nf7 Rxf7 18. exf7+ Kxf7 19. Bg5 Bxd4 20. Qc4 Bf6 21. Bxf6 Qxf6 22. Qb3 Rd7 23. Rad1 e5 24. Qc4 Kg7 25. a4 Re7 26. b4 e4 27. b5 axb5 28. axb5 Nc3 29. Rd8 Nxb5 30. Red1 Nc7 31. R1d6 Qa1+ 32. Kh2 Qe5+ 33. Kg1 Nd5 34. Qc5 Nf6 35. Qc4 f4 36. Qe2 e3 37. f3 Nd5 38. Kh2 Kh6 39. Qe1 Qg5 40. Kh1 e2 41. Rxd5 cxd5 42. Rxd5 Qg3 0-1

[Event "Prague Summer op"]
[Site "Prague"]
[Date "2024.08.02"]
[Round "1"]
[White "Jun, Rudolf Jr"]
[Black "Machala, Vladislav"]
[Result "1-0"]
[WhiteElo "2198"]
[BlackElo "1891"]
[PlyCount "45"]
[EventDate "2024.08.02"]
[EventType "swiss"]
[EventRounds "9"]
[EventCountry "CZE"]
[SourceTitle "CBM 221 Extra"]
[Source "ChessBase"]
[SourceDate "2024.09.30"]
[SourceVersion "1"]
[SourceVersionDate "2024.09.30"]
[SourceQuality "1"]

1. e4 c6 2. d4 d5 3. exd5 cxd5 4. c4 Nf6 5. Nc3 Nc6 6. Nf3 Bg4 7. cxd5 Nxd5 8. Bc4 Nb6 9. Bxf7+ Kxf7 10. Ng5+ Ke8 11. Qxg4 Qxd4 12. Qe2 Qe5 13. Be3 Nd4 14. Bxd4 Qxg5 15. Nb5 Rd8 16. Bxb6 axb6 17. 0-0 Kf7 18. Rfe1 e5 19. Qc4+ Kg6 20. Re3 Bc5 21. Qe6+ Qf6 22. Rg3+ Kh5 23. Qg4+ 1-0

[Event "Pardubice rapid op 35th"]
[Site "Pardubice"]
[Date "2024.07.17"]
[Round "3"]
[White "Shilon Rahav, Eliran"]
[Black "Jun, Rudolf Jr"]
[Result "1-0"]
[WhiteElo "2044"]
[BlackElo "2209"]
[PlyCount "119"]
[EventDate "2024.07.17"]
[EventType "swiss (rapid)"]
[EventRounds "9"]
[EventCountry "CZE"]
[SourceTitle "CBM 221 Extra"]
[Source "ChessBase"]
[SourceDate "2024.09.30"]
[SourceVersion "1"]
[SourceVersionDate "2024.09.30"]
[SourceQuality "1"]

1. e4 c5 2. Nc3 b6 3. g3 Bb7 4. Bg2 g6 5. Nge2 Bg7 6. d4 cxd4 7. Nxd4 d6 8. 0-0 Nd7 9. Be3 a6 10. f4 Qc7 11. Qd2 Ngf6 12. Rad1 0-0 13. h3 Nc5 14. Nd5 Nxd5 15. exd5 Nd7 16. Qd3 Rac8 17. c3 Nf6 18. Nb3 b5 19. g4 Ba8 20. g5 Nd7 21. h4 Qc4 22. Qd2 Qa4 23. Qc2 b4 24. c4 Nc5 25. Rf2 Qd7 26. Nxc5 dxc5 27. f5 gxf5 28. Rxf5 e6 29. Rff1 exd5 30. cxd5 Rfe8 31. Qf2 Qg4 32. Qxf7+ Kh8 33. Qf4 Qxf4 34. Bxf4 Bd4+ 35. Kh2 Re2 36. Kg3 Kg8 37. Bh3 Rd8 38. Bg4 Re4 39. Bf5 Re2 40. Bg4 Re4 41. d6 Be5 42. Bxe5 Rxe5 43. Rf6 Re3+ 44. Kf2 Re5 45. d7 Kg7 46. Re1 Rxe1 47. Kxe1 h5 48. Bf5 Bd5 49. b3 a5 50. Kd2 a4 51. bxa4 Bxa2 52. a5 c4 53. Rc6 c3+ 54. Kc2 Kf7 55. a6 Ke7 56. Rc8 Bd5 57. Rxd8 Kxd8 58. a7 Bc6 59. g6 Ba4+ 60. Kc1 1-0

[Event "Titled Tuesday intern op 16th Jul Late"]
[Site "Chess.com INT"]
[Date "2024.07.16"]
[Round "4"]
[White "Jun, Rudolf Jr"]
[Black "Carlstedt, Jonathan"]
[Result "1/2-1/2"]
[WhiteElo "2209"]
[BlackElo "2429"]
[PlyCount "67"]
[EventDate "2024.07.16"]
[EventType "swiss (blitz)"]
[EventRounds "11"]
[EventCountry "USA"]
[SourceTitle "EXT 2025"]
[Source "ChessBase"]
[SourceDate "2024.10.14"]
[SourceVersion "1"]
[SourceVersionDate "2024.10.14"]
[SourceQuality "1"]

1. e4 c5 2. Nf3 d6 3. Bb5+ Nc6 4. 0-0 e5 5. c3 a6 6. Bc4 Nf6 7. Ng5 d5 8. exd5 Na5 9. Be2 Be7 10. d4 exd4 11. cxd4 Nxd5 12. Ne4 cxd4 13. Qxd4 0-0 14. Nbc3 Be6 15. Nxd5 Qxd5 16. Qxd5 Bxd5 17. Nc3 Bc6 18. Be3 b5 19. Rad1 Nb7 20. Nd5 Bxd5 21. Rxd5 Bf6 22. Rd7 Nd8 23. b3 Ne6 24. g3 b4 25. Bc4 a5 26. Rfd1 Rfd8 27. Bb6 Rxd7 28. Rxd7 a4 29. bxa4 Rxa4 30. Bb3 Ra6 31. Be3 g6 32. Kg2 Ra8 33. Rb7 Bc3 34. f4 1/2-1/2

[Event "Titled Tuesday intern op 16th Jul Late"]
[Site "Chess.com INT"]
[Date "2024.07.16"]
[Round "2"]
[White "Jun, Rudolf Jr"]
[Black "Povshednyi, Ivan"]
[Result "1/2-1/2"]
[WhiteElo "2209"]
[BlackElo "2242"]
[PlyCount "224"]
[EventDate "2024.07.16"]
[EventType "swiss (blitz)"]
[EventRounds "11"]
[EventCountry "USA"]
[SourceTitle "EXT 2025"]
[Source "ChessBase"]
[SourceDate "2024.10.14"]
[SourceVersion "1"]
[SourceVersionDate "2024.10.14"]
[SourceQuality "1"]

1. e4 c6 2. g3 d5 3. Bg2 dxe4 4. Bxe4 Nf6 5. Bg2 Bf5 6. Nc3 e6 7. d3 h6 8. Bf4 Bd6 9. Bxd6 Qxd6 10. Nf3 Nbd7 11. 0-0 0-0 12. Re1 a5 13. Ne4 Qb4 14. b3 Qb6 15. Qd2 Bh7 16. c4 Rfd8 17. Qc3 Nxe4 18. dxe4 Nc5 19. Nd2 Rd3 20. Qc2 Rad8 21. Nf1 a4 22. Red1 axb3 23. axb3 Bg6 24. b4 Qxb4 25. Rab1 Qa3 26. Ra1 Qb4 27. Rab1 Qa5 28. Rxd3 Nxd3 29. Rxb7 Ne1 30. Qe2 Nxg2 31. Kxg2 Qc3 32. Rb1 Rd4 33. f3 Qxc4 34. Qxc4 Rxc4 35. Ne3 Rc3 36. Kf2 c5 37. Rb8+ Kh7 38. h4 h5 39. Rc8 Rc1 40. Rc7 f6 41. Nf1 Rc2+ 42. Ke3 Be8 43. Nd2 Bb5 44. f4 Rc3+ 45. Kf2 Ba6 46. Nf3 Rc2+ 47. Kg1 Rc1+ 48. Kf2 Rc2+ 49. Kg1 Be2 50. Ne1 Rc3 51. Kf2 Bg4 52. e5 fxe5 53. fxe5 Kg6 54. Rc6 Kf5 55. Rc7 Kxe5 56. Rxg7 Kf6 57. Rg5 c4 58. Ng2 Rf3+ 59. Ke1 Rxg3 60. Nf4 Rf3 61. Nxh5+ Bxh5 62. Rxh5 c3 63. Rh6+ Ke5 64. Kd1 Rh3 65. Rh5+ Kd4 66. Rh8 e5 67. Rd8+ Kc4 68. Re8 Kd3 69. Rd8+ Ke3 70. Re8 e4 71. Kc2 Rxh4 72. Kxc3 Rh7 73. Kc2 Rh2+ 74. Kd1 Rh1+ 75. Kc2 Ra1 76. Rh8 Ra2+ 77. Kd1 Rd2+ 78. Ke1 Rf2 79. Rh3+ Rf3 80. Rh8 Rg3 81. Rh1 Kd3 82. Kd1 e3 83. Ke1 Rf3 84. Rh8 Rg3 85. Rd8+ Kc4 86. Rc8+ Kd4 87. Rd8+ Ke4 88. Re8+ Kf3 89. Rf8+ Ke4 90. Rd8 Rg1+ 91. Ke2 Rg2+ 92. Ke1 Rg7 93. Re8+ Kf3 94. Rf8+ Ke4 95. Rd8 Re7 96. Ke2 Ra7 97. Re8+ Kf4 98. Rf8+ Ke4 99. Re8+ Kd4 100. Rd8+ Ke5 101. Re8+ Kf6 102. Rxe3 Ra2+ 103. Kf3 Ra5 104. Rd3 Rf5+ 105. Ke2 Re5+ 106. Re3 Rd5 107. Rd3 Re5+ 108. Re3 Rd5 109. Rf3+ Rf5 110. Re3 Re5 111. Kd3 Ke6 112. Rxe5+ Kxe5 1/2-1/2

[Event "Titled Tuesday intern op 16th Jul Late"]
[Site "Chess.com INT"]
[Date "2024.07.16"]
[Round "5"]
[White "Rojas Alarcon, Julian Antonio"]
[Black "Jun, Rudolf Jr"]
[Result "1/2-1/2"]
[WhiteElo "2357"]
[BlackElo "2209"]
[PlyCount "84"]
[EventDate "2024.07.16"]
[EventType "swiss (blitz)"]
[EventRounds "11"]
[EventCountry "USA"]
[SourceTitle "EXT 2025"]
[Source "ChessBase"]
[SourceDate "2024.10.14"]
[SourceVersion "1"]
[SourceVersionDate "2024.10.14"]
[SourceQuality "1"]

1. d4 Nf6 2. c4 e6 3. Nf3 Bb4+ 4. Bd2 Bxd2+ 5. Qxd2 0-0 6. Nc3 d5 7. e3 c6 8. Bd3 Re8 9. 0-0 Nbd7 10. e4 dxe4 11. Nxe4 Nxe4 12. Bxe4 Nf6 13. Bc2 e5 14. Rad1 exd4 15. Nxd4 Qc7 16. h3 a6 17. Rfe1 Rxe1+ 18. Rxe1 c5 19. Nf3 Be6 20. Qc3 h6 21. Ne5 Rd8 22. b3 Qd6 23. Rd1 Qf8 24. Qf3 Rxd1+ 25. Qxd1 Qb8 26. Nd3 Qd6 27. Qe2 Bf5 28. Ne1 Bxc2 29. Nxc2 g6 30. g3 Kg7 31. Kg2 h5 32. Ne3 Qd4 33. Qf3 b5 34. Qf4 Qxf4 35. gxf4 Ne4 36. Kf3 Nc3 37. a3 Kf6 38. h4 Ke6 39. Nc2 Kf5 40. Ne3+ Ke6 41. Nc2 Kf5 42. Ne3+ Ke6 1/2-1/2

[Event "Ricany op"]
[Site "Ricany"]
[Date "2024.07.04"]
[Round "7"]
[White "Petras, Milan"]
[Black "Jun, Rudolf Jr"]
[Result "0-1"]
[WhiteElo "1977"]
[BlackElo "2232"]
[PlyCount "92"]
[EventDate "2024.06.29"]
[EventType "swiss"]
[EventRounds "9"]
[EventCountry "CZE"]
[SourceTitle "CBM 221 Extra"]
[Source "ChessBase"]
[SourceDate "2024.09.30"]
[SourceVersion "1"]
[SourceVersionDate "2024.09.30"]
[SourceQuality "1"]

1. e4 c5 2. Nf3 e6 3. c3 Nf6 4. e5 Nd5 5. d4 cxd4 6. Bc4 Nc6 7. 0-0 Be7 8. Bxd5 exd5 9. Re1 0-0 10. Bf4 Qb6 11. Qd2 Re8 12. cxd4 Na5 13. b3 Bb4 14. Nc3 Qe6 15. Qd3 Bxc3 16. Qxc3 b6 17. Qd3 Bb7 18. h4 h6 19. Bd2 Nc6 20. b4 a5 21. b5 Ne7 22. Bf4 Qg4 23. Bc1 Rac8 24. Bb2 Ng6 25. g3 Rc4 26. Nh2 Qh3 27. Qf3 Rc2 28. Bc1 Qe6 29. Ba3 Rec8 30. Rec1 Ne7 31. Rxc2 Rxc2 32. Rc1 Rxc1+ 33. Bxc1 d6 34. exd6 Nf5 35. Qf4 Nxd6 36. Ba3 Nxb5 37. Qb8+ Bc8 38. Bc5 bxc5 39. Qxb5 cxd4 40. Qxa5 Kh7 41. Qd2 Qe4 42. a4 d3 43. Nf1 Bh3 44. f3 Qe2 45. a5 Qxf1+ 46. Kh2 Qe2+ 0-1

[Event "Ricany op"]
[Site "Ricany"]
[Date "2024.06.30"]
[Round "3"]
[White "Topencik, Bruno"]
[Black "Jun, Rudolf Jr"]
[Result "1-0"]
[WhiteElo "2070"]
[BlackElo "2232"]
[PlyCount "139"]
[EventDate "2024.06.29"]
[EventType "swiss"]
[EventRounds "9"]
[EventCountry "CZE"]
[SourceTitle "CBM 221 Extra"]
[Source "ChessBase"]
[SourceDate "2024.09.30"]
[SourceVersion "1"]
[SourceVersionDate "2024.09.30"]
[SourceQuality "1"]

1. e4 c5 2. Nc3 Nc6 3. Bb5 e6 4. Bxc6 bxc6 5. d3 d6 6. f4 g6 7. Nf3 Bg7 8. 0-0 Ne7 9. Qe1 0-0 10. b3 Ba6 11. Bb2 d5 12. Na4 Bxb2 13. Nxb2 Qc7 14. g3 c4 15. dxc4 dxe4 16. Qxe4 c5 17. Nd3 Rac8 18. Rad1 Bb7 19. Qe2 Nf5 20. Nde5 Rcd8 21. Kf2 Kg7 22. Rxd8 Rxd8 23. Rd1 f6 24. Rxd8 Qxd8 25. Qd3 Qe7 26. Ng4 Nd6 27. Ne3 Qc7 28. Nf1 e5 29. fxe5 fxe5 30. N1d2 e4 31. Qc3+ Kg8 32. Nh4 Qf7+ 33. Ke1 Qe7 34. Ng2 Nf5 35. Ne3 Nd4 36. b4 Qe5 37. Kd1 Bc8 38. Qa3 Qh5+ 39. Kc1 Qe2 40. Qa4 Kf8 41. Qa5 Qe1+ 42. Kb2 Ne6 43. Ndf1 Qxb4+ 44. Qxb4 cxb4 45. Kb3 Ke7 46. Kxb4 Kd6 47. Nd2 Ke5 48. c3 Ng5 49. c5 Nf3 50. Ndc4+ Ke6 51. Nd6 Ba6 52. Nb5 Bxb5 53. Kxb5 Kd7 54. h4 Ne5 55. c6+ Nxc6 56. Kc4 Ne7 57. g4 Ke6 58. Kd4 Nc6+ 59. Kxe4 Ne5 60. c4 h6 61. a3 Kd6 62. h5 gxh5 63. gxh5 Ke6 64. a4 Nd7 65. Ng4 a5 66. Kd4 Nb6 67. Nxh6 Nxa4 68. Ng4 Nb6 69. Kc5 a4 70. Kxb6 1-0

[Event "Teplice op 17th"]
[Site "Teplice"]
[Date "2024.06.16"]
[Round "2"]
[White "Kraus, Tomas"]
[Black "Jun, Rudolf Jr"]
[Result "1-0"]
[WhiteElo "2481"]
[BlackElo "2232"]
[PlyCount "89"]
[EventDate "2024.06.15"]
[EventType "swiss"]
[EventRounds "9"]
[EventCountry "CZE"]
[SourceTitle "CBM 220 Extra"]
[Source "ChessBase"]
[SourceDate "2024.07.31"]
[SourceVersion "1"]
[SourceVersionDate "2024.07.31"]
[SourceQuality "1"]

1. e4 c5 2. Nf3 Nc6 3. Bb5 g6 4. 0-0 Bg7 5. c3 Nf6 6. Re1 0-0 7. d4 cxd4 8. cxd4 d5 9. e5 Ne8 10. Bxc6 bxc6 11. h3 Nc7 12. Be3 Ne6 13. Qd2 f5 14. exf6 exf6 15. h4 f5 16. Bh6 f4 17. Bxg7 Nxg7 18. Qc1 Bg4 19. Nbd2 Rc8 20. Qc5 Nf5 21. Qxa7 Bxf3 22. Nxf3 Nxh4 23. Re7 Nf5 24. Rxh7 Ra8 25. Qc7 Qf6 26. Rh3 Rf7 27. Qxf4 Nd6 28. Qxf6 Rxf6 29. Ne5 Nb5 30. Rd3 Ra4 31. Nf3 Re6 32. Re3 Re4 33. b3 Ra3 34. Rc1 Ra6 35. a4 Nxd4 36. Rxe4 Nxf3+ 37. gxf3 dxe4 38. fxe4 Kf7 39. Rc4 Kf6 40. Kg2 Rb6 41. b4 Ke5 42. Kf3 Rb8 43. Ke3 g5 44. b5 cxb5 45. Rc5+ 1-0

[Event "CZE-chT1E 2324"]
[Site "Czech Republic"]
[Date "2024.04.14"]
[Round "11.1"]
[White "Jun, Rudolf Jr"]
[Black "Polak, Tomas"]
[Result "0-1"]
[WhiteElo "2256"]
[BlackElo "2518"]
[PlyCount "78"]
[EventDate "2023.10.22"]
[EventType "team-tourn"]
[EventRounds "11"]
[EventCountry "CZE"]
[SourceTitle "EXT 2025"]
[Source "ChessBase"]
[SourceDate "2024.10.14"]
[SourceVersion "1"]
[SourceVersionDate "2024.10.14"]
[SourceQuality "1"]
[WhiteTeam "Polabiny II"]
[BlackTeam "Brno Moravska Slavia II"]
[WhiteTeamCountry "CZE"]
[BlackTeamCountry "CZE"]

1. e4 c6 2. d4 d5 3. exd5 cxd5 4. c4 Nf6 5. Nc3 e6 6. Nf3 Bb4 7. Qa4+ Nc6 8. Ne5 Qa5 9. Qxa5 Bxa5 10. Nxc6 bxc6 11. Bd2 Ba6 12. cxd5 Bxf1 13. Rxf1 Bxc3 14. bxc3 cxd5 15. Rb1 0-0 16. Ke2 Rfb8 17. a4 Rb6 18. Rb4 h6 19. Kd3 Ne4 20. f3 Nd6 21. g4 Nc4 22. Rfb1 Rab8 23. Bf4 R8b7 24. h4 Kf8 25. g5 h5 26. Be5 a5 27. Rb5 Rxb5 28. Rxb5 Rxb5 29. axb5 a4 30. Kc2 Na3+ 31. Kb2 Nxb5 32. Bg3 Kg8 33. f4 Kh7 34. f5 exf5 35. c4 dxc4 36. d5 Kg8 37. Be5 Kf8 38. d6 g6 39. Bg7+ Ke8 0-1

[Event "CZE-ch U18"]
[Site "Jaromerice nad Rokytnou"]
[Date "2024.03.16"]
[Round "11"]
[White "Jares, Michal"]
[Black "Jun, Rudolf Jr"]
[Result "1/2-1/2"]
[WhiteElo "2347"]
[BlackElo "2243"]
[PlyCount "68"]
[EventDate "2024.03.10"]
[EventType "tourn"]
[EventRounds "11"]
[EventCountry "CZE"]
[SourceTitle "EXT 2025"]
[Source "ChessBase"]
[SourceDate "2024.10.14"]
[SourceVersion "1"]
[SourceVersionDate "2024.10.14"]
[SourceQuality "1"]

1. e4 c5 2. Nf3 e6 3. d4 cxd4 4. Nxd4 Nc6 5. Nc3 d6 6. Be3 Nf6 7. Be2 Be7 8. Qd2 a6 9. 0-0-0 Qc7 10. g4 0-0 11. g5 Nd7 12. f4 b5 13. Nxc6 Qxc6 14. Bd3 Nc5 15. f5 b4 16. Ne2 b3 17. Kb1 Nxe4 18. Bxe4 Qxe4 19. axb3 Qxf5 20. Rdf1 Qe4 21. Nc3 Qc6 22. h4 Bb7 23. h5 Qg2 24. Qd1 f5 25. gxf6 Rxf6 26. Rfg1 Qf3 27. Qe1 Raf8 28. Bg5 R6f7 29. Bxe7 Rxe7 30. Rf1 Qg4 31. Rxf8+ Kxf8 32. Rf1+ Rf7 33. Rxf7+ Kxf7 34. Qf2+ Ke7 1/2-1/2